=LDR 00000nam 2200000 4500 =001 INLIS000000000052817 =005 20180306010329 =035 ##$$a 0010-0318000044 =007 ta =008 180306###########################0###### =020 ##$$a 978-979-756-448-3 =082 ##$$a 572 =084 ##$$a 572 YOH b =100 #$$a Yohanis ngili =245 1#$$a Biokimia : $b Sturktur dan fungsi biomolekul /$c Yohanis Ngili =260 ##$$a Yogyakarta :$b Graha Ilmu,$c 2009 =300 ##$$a xvii, 321 hlm : $b ilus. ; $c 23 cm. =500 ##$$a Biografi : hlm.321 =650 ##$$a Biokimia =504 ##$$a Bibliografi : hlm. 317-319 =990 ##$$a 52745274 =990 ##$$a 52745274 =990 ##$$a 52745274 =990 ##$$a 52745274 =990 ##$$a 52745274 =990 ##$$a 21708871 =990 ##$$a 01201805274 =990 ##$$a 01201805275 =990 ##$$a 01201805276 =990 ##$$a 01201805277 =990 ##$$a 21708872 =990 ##$$a 01201805274 =990 ##$$a 01201805275 =990 ##$$a 01201805276 =990 ##$$a 21708871 =990 ##$$a 21708873 =990 ##$$a 01201805274 =990 ##$$a 01201805275 =990 ##$$a 21708872 =990 ##$$a 21708871 =990 ##$$a 21708874 =990 ##$$a 01201805274 =990 ##$$a 21708873 =990 ##$$a 21708872 =990 ##$$a 21708871 =990 ##$$a 21708875 =990 ##$$a 21708874 =990 ##$$a 21708873 =990 ##$$a 21708872 =990 ##$$a 21708871 =990 ##$$a 21708871 =990 ##$$a 21708875 =990 ##$$a 21708874 =990 ##$$a 21708873 =990 ##$$a 21708872